000 00628cam a22002172 4500
001 0000005281
005 20151217152000.0
008 070611s xx 000 0 eng d
020 _a047111829X :
040 _aKABU
_cKABU
050 0 _aTS155
_b.B84 1977
100 1 _aBuffa, Elwood S.
_@0000156486
245 1 0 _aModern production management :
_bmanaging the operations function.
250 _a5th ed.
260 _aNew York :
_bJohn Wiley,
_c1977.
300 _axii, 743 p.
650 0 _aProduction management.
_@0000155181
908 _a070611
950 _@1
999 _c6967
_d6967